Загрузка...

Clinical Veterinary Oncology

Библиографические подробности
Главные авторы: Gregory E MacEwen, J Stephen Withrow
Формат: Printed Book
Язык:Undetermined
Опубликовано: J B Lippincott Company
Philadelphia
Предметы:
LEADER 00628nam a2200217Ia 4500
008 141122s9999 xx 000 0 und d
040 |c . 
041 |a English 
082 |a 616.992 
082 |b WIT/ CL 
100 |a Gregory E MacEwen 
100 |a J Stephen Withrow 
245 |a Clinical Veterinary Oncology 
245 |c J Stephen Withrow 
260 |b J B Lippincott Company 
260 |b Philadelphia 
300 |a 507 Pages 
650 |a Pathology 
942 |c BK 
999 |c 20863  |d 20863 
952 |0 0  |1 0  |4 0  |6 616_992000000000000_WIT_CL  |7 0  |9 20525  |a COVAS  |b COVAS  |d 0000-00-00  |o 616.992 WIT/ CL  |p 14400  |r 2014-11-26  |w 2014-11-26  |y BK